| 000 | 03353cam a22004454i 4500 | ||
|---|---|---|---|
| 003 | PE-LiUPU | ||
| 005 | 20250731165407.0 | ||
| 008 | 151014s2014 pe a grm 000 0 spa d | ||
| 035 | _a(Sirsi) a154872 | ||
| 040 |
_aPE-LiUPU _bspa _cPE-LiUPU _erda |
||
| 099 |
_aTF 3 _bQ72 2014 |
||
| 100 | 1 |
_aQuiroz Soto, Ruth Evelyn _eautor |
|
| 245 | 1 |
_aRelación de satisfacción marital con inteligencia emocional en cónyuges adventistas del séptimo día del "Distrito Misionero de Lurin", 2014 / _cRuth Evelyn Quiroz Soto. |
|
| 264 | 0 | _c2014. | |
| 300 |
_a148 hojas : _bilustraciones; _c30 cm |
||
| 336 |
_atext _2rdacontent |
||
| 337 |
_aunmediated _2rdamedia |
||
| 338 |
_avolume _2rdacarrier |
||
| 502 |
_aTesis _b(Mg.) -- _cUniversidad Peruana Unión, _d2014 |
||
| 504 | _aIncluye referencias | ||
| 520 | 3 | _aEl presente trabajo de investigación ha tenido como finalidad conocer la relación entre la satisfacción marital y la inteligencia emocional de los conyuges adventistas del distrito misionero de "Lurin". La investigación estableció la relación entre la satisfacción marital y la inteligencia emocional, así mismo se relacionó la satisfacción marital (Pick y Andrade, 1988) con las dimensiones de la inteligencia emocional, las cuales fueron: Inteligencia intrapersonal, inteligencia interpersonal, adaptabilidad, manejo del estrés y estados de ánimo de cónyuge (ICE de Bar-on 1997). Se aplicaron los instrumentos de medición como: la Escala de satisfacción marital de Pick y Andrade, con sus dimensiones de, interacción marital, aspectos emocionales y aspectos estructurales y organizaciones. El Inventario de Inteligencia emocional de ICE de Bar-on, con sus dimensiones ya antes mencionadas. Así mismo se consideraron las variables sociodemográficas como: sexo, edad, grado de instrucción, años de adventista y números de hijos. El diseño de esta investigación es transversal correlacional simple, en el que mide y describe las relaciones existentes entre satisfacción marital e inteligencia emocional. Es transversal porque los instrumento se aplicarán en un momento único. Sobre los resultados sometidos a la prueba estadística de Tau_b de Kendall, se aprecia que la Satisfacción marital guarda relación significativa con inteligencia emocional, hallándose con un valor calculado donde p=0.000 a un nivel de significativa de 0.01 (bilateral), y un nivel de relación de 0.920; lo cual indica que la correlación alta. Por lo cual se rechaza la hipótesis nula, se toma la decisión de aceptar hipótesis de investigación. Concluyendo que si existe relación significativa entre la Satisfacción marital y la inteligencia emocional en los conyuges adventistas del séptimo día del Distrito Misionero de "Lurin", 2014. | |
| 526 | _aSEG44 | ||
| 526 | _aSEG26 | ||
| 526 | _aP151 | ||
| 526 | _aP150 | ||
| 526 | _aP149 | ||
| 526 | _aP146 | ||
| 526 | _aP145 | ||
| 526 | _aP126 | ||
| 526 | _aP125 | ||
| 526 | _aP92 | ||
| 526 | _aP75 | ||
| 526 | _aP74 | ||
| 526 | _aP27 | ||
| 526 | _aP15 | ||
| 650 | 0 | 4 |
_aMatrimonios adventistas _xInteligencia emocional _xAspectos psicológicos |
| 596 | _a1 | ||
| 942 |
_2ddc _cTESIS |
||
| 999 |
_aTF 3 Q72 2014 _wALPHANUM _c7566 _iT01670 _d7566 _lCCODEBUL3 _mBUL _q2 _r1 _sY _tTESIS _u2015-10-14 _xPOSGRADO _PP54 _o.STAFF. Tesis |
||
| 980 |
_81 _gALBERTO SANCHEZ Responsable de Automatización |
||